000
00298nam a2200121Ia 4500
005
20251222154431.0
008
251222s9999||||xx |||||||||||||| ||spa||
020
_a
84-320-9515-4
082
_a
828.9/N82
100
_a
"Nordhoff, Charles Hall, James N."
245
0
_a
Rebelión a bordo
942
_c
LIB
999
_c
36421
_d
36421